ARRUPE JESUIT UNIVERSITY

CORONAVIRUS -STOP THE SPREAD - CLEAN,DISINFECT,COVER

Understanding rationalism (Record no. 4472)

MARC details
000 -LEADER
fixed length control field 00651nam a2200241Ia 4500
003 - CONTROL NUMBER IDENTIFIER
control field 0100
008 - FIXED-LENGTH DATA ELEMENTS--GENERAL INFORMATION
fixed length control field 130227s9999 xx 000 0 und d
020 ## - INTERNATIONAL STANDARD BOOK NUMBER
International Standard Book Number 9781844651139
040 ## - CATALOGING SOURCE
Transcribing agency ARRUPELIB
050 ## - LIBRARY OF CONGRESS CALL NUMBER
Classification number B833.H887 2008
100 ## - MAIN ENTRY--PERSONAL NAME
Personal name Huenemann, Charlie
9 (RLIN) 34346
245 ## - TITLE STATEMENT
Title Understanding rationalism
260 ## - PUBLICATION, DISTRIBUTION, ETC. (IMPRINT)
Name of publisher, distributor, etc Acumen
Place of publication, distribution, etc Stocksfield, UK
Date of publication, distribution, etc 2008
300 ## - PHYSICAL DESCRIPTION
Extent ix
300 ## - PHYSICAL DESCRIPTION
Other physical details 166p 22cm
440 ## - SERIES STATEMENT/ADDED ENTRY--TITLE
Title Understanding movements in modern thought
9 (RLIN) 5557
650 ## - SUBJECT ADDED ENTRY--TOPICAL TERM
Topical term or geographic name as entry element Rationalism
9 (RLIN) 85
942 ## - ADDED ENTRY ELEMENTS (KOHA)
Source of classification or shelving scheme Library of Congress Classification
Item type Monograph ( Printed materials)
Holdings
Withdrawn status Lost status Source of classification or shelving scheme Damaged status Not for loan Collection code Home library Current library Shelving location Date acquired Total Checkouts Full call number Barcode Date last seen Date last borrowed Copy number Price effective from Koha item type
    Library of Congress Classification     Main Collection ARRUPE LIBRARY ARRUPE LIBRARY   27/02/2013 3 B833.H887 2008 46405854 29/03/2017 10/03/2017 1 27/02/2013 Monograph ( Printed materials)

 

Arrupe Library. PO Box MP320 Mt Pleasant, Harare, Zimbabwe
263 242 745411|librarian@aju.ac.zw